| 000 | 00363nam a22001337a 4500 | ||
|---|---|---|---|
| 022 | _a978-0-19-906438-0 | ||
| 082 |
_a954.91 _bLOD |
||
| 100 |
_aLodhi, Maleeha _917358 |
||
| 245 |
_aPakistan _bBeyond the crisis state |
||
| 260 |
_aRawlpinid: _bOxford Press; _c2012. |
||
| 300 |
_axxv,391p. _c22cm. |
||
| 526 |
_a0 _b0 _c0 _d954_910000000000000_LOD |
||
| 942 |
_2ddc _cBK |
||
| 999 |
_c550928 _d550928 |
||